Taiwán

Gardado en:
Detalles Bibliográficos
Autor Corporativo: ProChile (Author)
Formato: Libro
Idioma:Lingua castelá
Publicado: Santiago ProChile 1990
Series:Documentos País
Subjects:
Tags: Engadir etiqueta
Sen Etiquetas, Sexa o primeiro en etiquetar este rexistro!

MARC

LEADER 00000nam a2200000 a 4500
001 UCQ2619
003 CL-VaPUC
008 980724e19900000CL |||||||||||||||||spa|d
082 0 4 |a 382  |b PRO  |2 21 
110 2 |a ProChile  |e author  |9 416625 
245 1 0 |a Taiwán 
300 |a 52 p 
942 |c BK 
945 |d 19980724 00:00:00  |a aarredon 
260 |a Santiago  |b ProChile  |c 1990 
650 0 |a Economía internacional  |9 258254 
650 0 |a Política comercial  |9 259070 
650 7 |a EXPORTACIONES  |2 CL-VaPUC  |9 255382 
650 7 |a COMERCIO INTERNACIONAL  |2 CL-VaPUC  |9 416626 
650 7 |a MERCADOS INTERNACIONALES  |2 CL-VaPUC  |9 403658 
651 7 |a TAIWAN  |2 CL-VaPUC  |9 379099 
583 |a last modification  |c 19980724 00:00:00  |k Rodrigo Vera 
490 0 |a Documentos País 
999 |c 273413  |d 273411 
952 |0 0  |1 0  |4 0  |6 382_000000000000000_PRO_1990  |7 0  |8 A  |9 308951  |a BIBGIM  |b BIBGIM  |d 2019-11-20  |i 3433315  |o 382 PRO 1990  |p 3433315  |r 2025-01-15  |w 2019-11-20  |y BK  |k GIM